000 00353nam a22001217a 4500
008 180517b xxu||||| |||| 00| 0 eng d
041 _aeng
080 _a043.3
100 _a0
101 _aMBE-BA
245 _aKorrelacioni dhe Regresioni: Analiza e Nderlidhjeve ne mes te Remitancave dhe Depozitave ne Bankat Komerciale
_cMaliqaj, A
942 _2udc
_cBK
999 _c45926
_d45926